000 00434nam a2200145Ia 4500
005 20250729165332.0
008 250729s2005 xx 000 0 und d
041 _aeng
082 _a371.333 AGGE
100 _aAggarwal J C
_9221164
245 _aTheory and principales of Education: philosophyical and sociological basesof education
260 _aNew Delhi
_bVikas Publishing
_c2005
300 _a463p
650 _aTechnology
_9221165
999 _c234883
_d234883